Catalog

Record Details

Catalog Search



Ústava Jednoty českobratrské  Cover Image Book Book

Ústava Jednoty českobratrské / Jednota českobratrská

Record details

  • Physical Description: 22 s.
  • Publisher: Praha Jednota českobratrská 1953

Available copies

  • 1 of 1 copy available at Common Catalog SPOK.

Holds

  • 0 current holds with 1 total copy.
Show All Copies
Location Call Number / Copy Notes Barcode Shelving Location Status Due Date
ETS Library 262.98995 424470002302 Volný výběr Available -

LDR 00601nam a2 00217
00135297
003CZ-PrJAB
00520030506000000.0
008030506s1953 xr e |||| |cze
009cz
035 . ‡a(CONS)9638
035 . ‡aKPS3822
041 . ‡acze
08214. ‡a262.98995
110 . ‡aJednota českobratrská
245 . ‡aÚstava Jednoty českobratrské / ‡cJednota českobratrská
260 . ‡aPraha ‡bJednota českobratrská ‡c1953
300 . ‡a22 s.
653 . ‡aÚstava Jednoty českobratrské
8524 . ‡bETS ‡bETS ‡cVolný výběr ‡j262.98995 ‡gA ‡p424470002302
910 . ‡aABG450
999 . ‡a9638 ‡bAUTOGEN ‡c9638 ‡tbiblio
905 . ‡uadmin
901 . ‡a35297 ‡b ‡c35297 ‡tbiblio ‡sets

Additional Resources